Statistics for Hidden Letters #4

Click here to take the quiz!

General Stats

  • This quiz has been taken 41 times
  • The average score is 6 of 8

Answer Stats

HintAnswer% Correct
Primary language of BrazilPortuguese
100%
Capital of the PhilippinesManila
92%
Most populous city in New ZealandAuckland
84%
Guided Answer: Enter the first letters of all of the answers so far in orderPAN
84%
SECRET WORD:PANAMA
84%
Capital of KazakhstanAstana
71%
Most populous city in New MexicoAlbuquerque
66%
Capital of NigerNiamey
58%

Score Distribution

Percentile by Number Answered

Percent of People with Each Score

Your Score History

You have not taken this quiz